| 000 | 00938cam a2200289 i 4500 | ||
|---|---|---|---|
| 999 |
_c128663 _d128663 |
||
| 001 | 1797557 | ||
| 003 | ARRUPE | ||
| 005 | 20181127115612.0 | ||
| 008 | 780825s1977 enkg d 000 0deng | ||
| 010 | _a 78311409 | ||
| 015 | _aGB78-06252 | ||
| 020 |
_a0140510125 : _c£1.50 $3.95 (U.S.) |
||
| 040 |
_aDLC _cDLC _dDLC |
||
| 050 | 0 | 0 |
_aREF. ML100 _b.G |
| 082 | 0 | 0 | _a780/.3 |
| 100 | 1 |
_aGriffiths,Paul, _943670 |
|
| 245 | 1 | 4 |
_aThe new Penguin dictionary of music / _cPaul Griffiths. |
| 260 |
_aLondon : _bPenguin Books, _c2004. |
||
| 300 |
_ax, 896 p. : _c20 cm. |
||
| 650 | 0 |
_aMusic _vDictionaries. _943671 |
|
| 906 |
_a7 _bcbc _corignew _d4 _encip _f19 _gy-gencatlg |
||
| 942 |
_2lcc _cREFERENCE |
||